| 000 | 00655nam a2200217 a 4500 | ||
|---|---|---|---|
| 001 | 000001823 | ||
| 005 | 20200929145722.0 | ||
| 008 | 090629s2006 sp 000 spa d | ||
| 020 | _a8474908051 | ||
| 040 |
_aDO-SdBNP _bspa _cBNPHU |
||
| 082 |
_a922.2 _bR238m |
||
| 100 | 1 |
_aRatzinger, Joseph _95928 |
|
| 245 | 1 | 0 |
_aMi vida / _cJoseph Ratzinger. |
| 246 | 1 | 3 | _aAus meinem leben erinnerungen 1927-1977 |
| 260 |
_aMadrid, _c2006. _bEncuentro. |
||
| 300 |
_a188 p. : _bil. ; _c19 cm. |
||
| 500 | _aIncluye indice | ||
| 650 | 4 |
_aRatzinger, joseph _y1927- _95929 |
|
| 700 | 1 |
_aRouco Varela, Antonio _eprologo _95930 |
|
| 700 | 1 |
_aScola, Angelo _eintroduccion _95931 |
|
| 999 |
_c1700 _d1700 |
||